| 000 | 00682nam a2200181 a 4500 | ||
|---|---|---|---|
| 001 | 000026591 | ||
| 005 | 20200930030312.0 | ||
| 008 | 110323s2000 dr 000 | spa d | ||
| 020 | _a9993452009 | ||
| 040 |
_aDO-SdBNP _bspa _cBNPHU |
||
| 100 | 1 |
_aIturbides, Matías, _d1965- _953699 |
|
| 245 | 1 | 0 |
_aInternet la nueva herramienta en la investigación periodística : _bguía para una investigación virtual / _cMatías Iturbides ; prólogo de Onofre de la Rosa. |
| 260 |
_aSanto Domingo : _bCiguita, _c2000. |
||
| 300 |
_a151 p. ; _c20 cm. |
||
| 500 | _aIncluye datos del autor en la solapa de la cubierta delantera. | ||
| 700 | 1 |
_aRosa, Onofre de la, _epról. _953700 |
|
| 049 | _aBNPD | ||
| 999 |
_c26083 _d26083 |
||